000
00464nam a2200181Ia 4500
008
090124s9999 xx 000 0 und d
082
_b
31379
_a
7388
100
_a
काळे विजया.
245
_a
फुलोरा
250
_a
1
260
_c
2002
300
_a
189
600
_a
काळे विजया.
630
_a
फुलोरा
700
_a
काळे विजया.
730
_a
फुलोरा
942
_c
BOOK
999
_c
144858
_d
144858